=LDR 00000nam 2200000 4500 =001 NUTBA000000000004132 =005 20140903112744.0 =006 =007 =008 =020 ##$$a 978-602-9406-00-9 =035 ##$$a 0010-091400000000165 =040 ##$$a NBPDMAT =082 ##$$a 616.072 =084 ##$$a 616.072 Kri a =100 ##$$a Kristina Fransiska =245 ##$$a Awas ! Sakit kepala dianggap sepele / $c Kristina Fransiska =250 ##$$a Cet. 1 =260 ##$$a Jakarta : $b Cerdas Sehat, $c 2011 =300 ##$$a vi, 137 hlm. : $b ilus. ; $c 20 cm. =500 ##$$a Bibliografi : hlm. 135-136 =650 ##$$a sakit kepala =990 ##$$a 21407847